000 00514nam a2200217Ia 4500
999 _c17143
_d17143
003 0100
005 20180129154144.0
008 130303s9999 xx 000 0 und d
040 _cARRUPELIB
050 _aDT636.5.A261999
100 _aAboagye, Festus B
_939071
245 _aECOMOG:
_ba sub-regional experience in conflict resolution /
260 _aAccra
_bSEDCO
_c1999
300 _a438p.
300 _b24cm
650 _aECOMOG
_939072
650 _aPeacekeeping forces
_xLiberia
_939073
650 _aLiberia
_xHistory
_xCivil war
_939074
650 _aAfrica, West
_xArmed forces
_zLiberia
_939075
700 _aFestus B. Aboagye
_939076
942 0 0 _01
_2lcc
_cMONOGRAPH